000 01392cam a2200325 i 4500
001 20362563
003 OSt
005 20230630102136.0
008 180220s2017 gh b 001 0 eng
010 _a 2018354095
020 _a9789988262839
040 _aDLC
_beng
_erda
_cDLC
042 _alcode
_apcc
043 _af-gh---
050 0 0 _aKRX4710.K67
100 1 _aKorang, Daniel.
_91815
245 1 0 _aJury trial in Ghana : exposition & critique. /
_cDaniel Korang.
264 1 _a[Kumasi, Ghana] :
_b[publisher not identified],
_c2017.
264 3 _aKumasi [Ghana] :
_bUniversity Printing Press,
_c2017.
300 _axxxiv, 384 p. ;
_c25 cm
336 _atext
_btxt
_2rdacontent
337 _aunmediated
_bn
_2rdamedia
338 _avolume
_bnc
_2rdacarrier
504 _aIncludes bibliographical references and index.
505 _aContents: The nature of jury trial -- Committal proceedings -- Proceedings before the trial court -- The jury and assessors -- Challenging jurors -- The cs for the prosecution and the accused -- Trail of juveniles on indictment -- Summing up in trials on indictment -- Jury deliberations and verdicts -- Appellate review of jury verdicts -- Challenges of the jury system and proposal for its abolition
650 0 _aJury
_zGhana.
_91967
650 0 _aTrials
_zGhana.
_91968
906 _a7
_bcbc
_corigode
_d2
_encip
_f20
_gy-gencatlg
942 _2lcc
_cBK
999 _c9867
_d17367